[Event "Martigny op 24th"]
[Site "Martigny"]
[Date "2015.08.03"]
[Round "6"]
[White "Javet, Blaise"]
[Black "Cordey, Loic"]
[Result "1-0"]
[WhiteElo "2005"]
[BlackElo "1831"]
[PlyCount "45"]
[EventDate "2015.07.31"]
[EventType "swiss"]
[EventRounds "7"]
[EventCountry "SUI"]
[SourceTitle "EXT 2017"]
[Source "ChessBase"]
[SourceDate "2016.10.25"]
[SourceVersion "1"]
[SourceVersionDate "2016.10.25"]
[SourceQuality "1"]

1. e4 d6 2. d4 Nf6 3. Nc3 Nbd7 4. f4 e5 5. Nf3 exd4 6. Qxd4 c6 7. e5 dxe5 8. Nxe5 Bc5 9. Qc4 Qe7 10. Qe2 Nxe5 11. fxe5 Ng4 12. Ne4 Nxe5 13. Nxc5 Qxc5 14. Be3 Qb4+ 15. c3 Qh4+ 16. Bf2 Qe7 17. Bd4 0-0 18. Qxe5 Qxe5+ 19. Bxe5 Re8 20. 0-0-0 Bg4 21. Re1 Re7 22. Bd3 Rae8 23. Bg3 1-0

[Event "Belp op"]
[Site "Belp"]
[Date "2015.05.23"]
[Round "2"]
[White "Cordey, Loic"]
[Black "Hollmann, Leon"]
[Result "1-0"]
[WhiteElo "1868"]
[BlackElo "1677"]
[PlyCount "55"]
[EventDate "2015.05.23"]
[EventType "swiss"]
[EventRounds "5"]
[EventCountry "SUI"]
[SourceTitle "EXT 2016"]
[Source "ChessBase"]
[SourceDate "2015.10.08"]
[SourceVersion "1"]
[SourceVersionDate "2015.10.08"]
[SourceQuality "1"]

1. d4 d5 2. c4 e6 3. cxd5 exd5 4. Nc3 Be6 5. Qb3 b6 6. Bf4 Bd6 7. Bxd6 Qxd6 8. Nb5 Qd8 9. Qg3 Na6 10. Qxg7 Qf6 11. Qg3 c5 12. e3 Bd7 13. Nf3 Nh6 14. Nd6+ Ke7 15. Bxa6 Qxd6 16. Qg5+ Kf8 17. Ne5 Nf5 18. Bd3 Ng7 19. 0-0 h6 20. Qf4 Qe6 21. Ng6+ Kg8 22. Nxh8 Kxh8 23. e4 Rg8 24. exd5 Nh5 25. dxe6 Nxf4 26. exd7 Nxd3 27. Rfe1 Nf4 28. d5 1-0

[Event "Belp op"]
[Site "Belp"]
[Date "2015.05.23"]
[Round "1"]
[White "Sriram, Jha"]
[Black "Cordey, Loic"]
[Result "1-0"]
[WhiteElo "2409"]
[BlackElo "1868"]
[PlyCount "43"]
[EventDate "2015.05.23"]
[EventType "swiss"]
[EventRounds "5"]
[EventCountry "SUI"]
[SourceTitle "EXT 2016"]
[Source "ChessBase"]
[SourceDate "2015.10.08"]
[SourceVersion "1"]
[SourceVersionDate "2015.10.08"]
[SourceQuality "1"]

1. d4 d5 2. Nf3 e6 3. c4 c6 4. Nbd2 Nf6 5. e3 Nbd7 6. Bd3 g6 7. b3 Bg7 8. Ba3 Qc7 9. 0-0 c5 10. cxd5 Nxd5 11. Rc1 Qa5 12. Nc4 Qc7 13. dxc5 Nc3 14. Qd2 Nb5 15. Nd6+ Nxd6 16. cxd6 Qd8 17. Rc7 0-0 18. Rfc1 a6 19. Be2 Rb8 20. h3 b5 21. Nd4 Ne5 22. f4 1-0

[Event "SUI-ch U14"]
[Site "St Ursanne"]
[Date "2011.07.02"]
[Round "6"]
[White "Roesler, Linus"]
[Black "Cordey, Loic"]
[Result "0-1"]
[WhiteElo "1673"]
[BlackElo "1661"]
[PlyCount "48"]
[EventDate "2011.06.30"]
[EventType "swiss"]
[EventRounds "7"]
[EventCountry "SUI"]
[SourceTitle "EXT 2012"]
[Source "ChessBase"]
[SourceDate "2011.11.24"]
[SourceVersion "1"]
[SourceVersionDate "2011.11.24"]
[SourceQuality "1"]

1. e4 d6 2. f4 c6 3. Bc4 Nd7 4. Nf3 e6 5. d3 Be7 6. a4 Ngf6 7. Nc3 e5 8. 0-0 0-0 9. Qe1 Qc7 10. Nh4 exf4 11. Bxf4 Ne5 12. Bb3 Nfg4 13. Nf3 Qb6+ 14. Kh1 Ng6 15. Bg3 Bd7 16. d4 Rae8 17. h3 Nh6 18. Qd2 Kh8 19. Rae1 f5 20. Ng5 f4 21. Bxf4 Rxf4 22. Rxf4 Bxg5 23. Rf8+ Rxf8 24. Qxg5 Qxd4 0-1